000 00745cab a22002055a 4500
001 L144802
008 080811e20080809xxkao f s 000 0 eng d
035 _a(Sirsi) u144802
041 0 _aeng
100 1 _aPilkington, Lisa
245 0 0 _aFocus
_bIsle of Man and Channel Islands
260 _c2008
490 _aEstates Gazette
_v(0831) 9 August 2008, 69-81(7)
520 _aFeatures include Guernsey and the Isle of Man's relative successes at weathering the global economic downturn and Harcourt's contentious plans to redevelop the waterfront of St Helier.
651 4 _aUnited Kingdom
_y
690 _aPROPERTY-COMMERCIAL PROPERTY-COMMERCIAL PROPERTY MARKET
700 1 _aCunningham, Daniel
700 1 _aMeadwell, Stacey
942 _n0
999 _c80596
_d80596